Physical Science /
Bewaard in:
| Hoofdauteur: | |
|---|---|
| Formaat: | Sách giấy |
| Taal: | English |
| Gepubliceerd in: |
Dubuque, Iowa :
Wm. C. Brown,
1996
|
| Tags: |
Voeg label toe
Geen labels, Wees de eerste die dit record labelt!
|
| Thư viện lưu trữ: | Thư viện Trường Đại học Đà Lạt |
|---|
| LEADER | 00556nam a2200241 4500 | ||
|---|---|---|---|
| 001 | DLU020000741 | ||
| 005 | ##12/30/1998 | ||
| 020 | # | # | |a 0-697-28918-4 |
| 041 | # | # | |a eng |
| 082 | # | # | |a 500.2 |b TI-B |
| 100 | # | # | |a Tillery, Bill W. |
| 245 | # | # | |a Physical Science / |c Bill W. Tillery |
| 260 | # | # | |a Dubuque, Iowa : |b Wm. C. Brown, |c 1996 |
| 300 | # | # | |a X, 661 tr.; |c 27 cm. |
| 992 | # | # | |a 435000 |
| 994 | # | # | |a DLU |
| 900 | # | # | |a False |
| 911 | # | # | |a Administrator |
| 925 | # | # | |a G |
| 926 | # | # | |a A |
| 927 | # | # | |a SH |
| 980 | # | # | |a Thư viện Trường Đại học Đà Lạt |


